[Event "Uljanovsk Sidorov Memorial"]
[Site "Uljanovsk"]
[Date "2015.07.10"]
[Round "6"]
[White "Sidorov, Gennady"]
[Black "Vatutin, Petr"]
[Result "1-0"]
[WhiteElo "1856"]
[BlackElo "1323"]
[PlyCount "99"]
[EventDate "2015.07.07"]
[EventType "swiss"]
[EventRounds "9"]
[EventCountry "RUS"]
[SourceTitle "EXT 2016"]
[Source "ChessBase"]
[SourceDate "2015.10.08"]
[SourceVersion "1"]
[SourceVersionDate "2015.10.08"]
[SourceQuality "1"]

1. e4 c6 2. Nc3 d5 3. exd5 cxd5 4. d4 Nc6 5. Nf3 Bg4 6. Be2 Nf6 7. Bf4 e6 8. 0-0 Bd6 9. Qd2 0-0 10. Rfe1 a6 11. Bxd6 Qxd6 12. Ne5 Bxe2 13. Rxe2 h6 14. Rd1 Rac8 15. Qf4 Ne7 16. Nd3 Qxf4 17. Nxf4 Nf5 18. f3 Rfe8 19. Kf2 Rc4 20. Red2 b5 21. g4 Nd6 22. h4 Rc7 23. g5 hxg5 24. hxg5 Nd7 25. Re2 Rec8 26. g6 Nf8 27. gxf7+ Kxf7 28. Rde1 Re8 29. Nd3 Nc4 30. Nxd5 Rd7 31. N5b4 a5 32. Nc6 Rd6 33. b3 Nb6 34. Nce5+ Kf6 35. c3 Nfd7 36. Re4 Nd5 37. Nxd7+ Rxd7 38. Nc5 Rd6 39. c4 bxc4 40. bxc4 Nb4 41. d5 e5 42. R4e2 Kf5 43. Rg1 g6 44. Rd2 Rh8 45. a3 Rh2+ 46. Rg2 Rxg2+ 47. Kxg2 Na6 48. Nxa6 Rxa6 49. c5 Kf6 50. c6 1-0

[Event "Uljanovsk Sidorov Memorial"]
[Site "Uljanovsk"]
[Date "2015.07.09"]
[Round "5"]
[White "Peruhin, Anatoliy"]
[Black "Sidorov, Gennady"]
[Result "1-0"]
[WhiteElo "1665"]
[BlackElo "1856"]
[PlyCount "101"]
[EventDate "2015.07.07"]
[EventType "swiss"]
[EventRounds "9"]
[EventCountry "RUS"]
[SourceTitle "EXT 2016"]
[Source "ChessBase"]
[SourceDate "2015.10.08"]
[SourceVersion "1"]
[SourceVersionDate "2015.10.08"]
[SourceQuality "1"]

1. Nf3 c5 2. g3 Nc6 3. Bg2 d5 4. d3 Nf6 5. 0-0 e5 6. Re1 Be7 7. c3 0-0 8. a3 Qb6 9. Qc2 c4 10. dxc4 dxc4 11. Nbd2 Ng4 12. e3 Be6 13. h3 Nf6 14. Ng5 Nd8 15. Nxe6 Qxe6 16. Qa4 Rc8 17. Qxa7 Bc5 18. Qa4 Bb6 19. Bf1 Nc6 20. Qxc4 Qf5 21. Qb5 Nd7 22. Bg2 Rfe8 23. Ne4 Qe6 24. Rd1 Na7 25. Qxd7 Red8 26. Qa4 Rxd1+ 27. Qxd1 Rd8 28. Qc2 Qd7 29. Nd2 Nc8 30. b4 f5 31. c4 f4 32. c5 fxe3 33. fxe3 Ba7 34. Kh2 Kh8 35. Ne4 Qf5 36. Ra2 Bb8 37. Bd2 Ne7 38. g4 Qg6 39. Qc4 h5 40. g5 Nf5 41. Bc1 Nh4 42. Rd2 Rf8 43. Nd6 Nxg2 44. Rxg2 Bxd6 45. cxd6 Qxd6 46. Qc5 Qb8 47. e4 Rc8 48. Qe3 Qc7 49. Bb2 Qe7 50. g6 Rf8 51. Rg5 1-0

[Event "Uljanovsk Sidorov Memorial"]
[Site "Uljanovsk"]
[Date "2015.07.08"]
[Round "2"]
[White "Sidorov, Gennady"]
[Black "Logunov, Egor"]
[Result "1-0"]
[WhiteElo "1856"]
[BlackElo "1564"]
[PlyCount "51"]
[EventDate "2015.07.07"]
[EventType "swiss"]
[EventRounds "9"]
[EventCountry "RUS"]
[SourceTitle "EXT 2016"]
[Source "ChessBase"]
[SourceDate "2015.10.08"]
[SourceVersion "1"]
[SourceVersionDate "2015.10.08"]
[SourceQuality "1"]

1. e4 c6 2. d4 d5 3. exd5 cxd5 4. c4 Nf6 5. Nc3 e6 6. Nf3 Be7 7. cxd5 exd5 8. Bb5+ Nbd7 9. Qb3 a6 10. Bxd7+ Qxd7 11. Ne5 Qd8 12. 0-0 h6 13. Re1 0-0 14. Bf4 Ra7 15. Rac1 Be6 16. Ng6 Re8 17. Nxe7+ Rxe7 18. Be5 Rd7 19. Na4 b5 20. Nc5 Re7 21. Bxf6 gxf6 22. Re3 Qa5 23. Rg3+ Kh7 24. Qf3 Bg4 25. Qd3+ Kh8 26. Rxg4 1-0

[Event "Uljanovsk Sidorov Memorial"]
[Site "Uljanovsk"]
[Date "2014.07.16"]
[Round "1"]
[White "Goncharuk, Dmitry"]
[Black "Sidorov, Gennady"]
[Result "1/2-1/2"]
[WhiteElo "1530"]
[BlackElo "1863"]
[PlyCount "88"]
[EventDate "2014.07.16"]
[EventType "swiss"]
[EventRounds "9"]
[EventCountry "RUS"]
[SourceTitle "CBM 161 Extra"]
[Source "ChessBase"]
[SourceDate "2014.08.29"]
[SourceVersion "1"]
[SourceVersionDate "2014.08.29"]
[SourceQuality "1"]

1. d4 d5 2. c4 dxc4 3. Nc3 e5 4. d5 c6 5. a4 Nf6 6. e4 Bb4 7. f3 cxd5 8. exd5 Nxd5 9. Bd2 Bxc3 10. Bxc3 Nc6 11. g3 Be6 12. Bxc4 Ne3 13. Qxd8+ Rxd8 14. Bxe6 Nc2+ 15. Kf2 Nxa1 16. Bc4 0-0 17. Ne2 Nc2 18. Bb5 N2d4 19. Bc4 Nxe2 20. Bxe2 Nd4 21. Bc4 Rc8 22. Bd5 b6 23. Re1 Rfe8 24. Ba2 Rcd8 25. Re4 Nc6 26. Rc4 Rd6 27. b4 a5 28. bxa5 bxa5 29. Rc5 Kf8 30. Bd5 Nb4 31. Be4 f6 32. Rxa5 Na2 33. Be1 Rb8 34. g4 Rb2+ 35. Kg3 Rd1 36. Bf2 g5 37. Bc5+ Kg7 38. Ra7+ Kg8 39. Bxh7+ Kh8 40. Bf5 Nc3 41. Ra8+ Kg7 42. Ra7+ Kh8 43. Ra8+ Kg7 44. Ra7+ Kh8 1/2-1/2

[Event "Khanty-Mansiysk Governor Cup-B 9th"]
[Site "Khanty-Mansiysk"]
[Date "2013.11.28"]
[Round "1"]
[White "Deryagin, Aleksandr"]
[Black "Sidorov, Gennady"]
[Result "1-0"]
[WhiteElo "1889"]
[BlackElo "1863"]
[PlyCount "55"]
[EventDate "2013.11.28"]
[EventType "swiss"]
[EventRounds "9"]
[EventCountry "RUS"]
[SourceTitle "CBM 157 Extra"]
[Source "ChessBase"]
[SourceDate "2013.12.19"]
[SourceVersion "1"]
[SourceVersionDate "2013.12.19"]
[SourceQuality "1"]

1. d4 d5 2. c4 c6 3. Nf3 Nf6 4. e3 e6 5. Nc3 a6 6. a3 b5 7. cxd5 exd5 8. Be2 Bd6 9. 0-0 Nbd7 10. Re1 Ne4 11. Qc2 f5 12. Ne5 Nxe5 13. dxe5 Bxe5 14. Nxe4 fxe4 15. Qxc6+ Qd7 16. Qxa8 0-0 17. Rd1 Bb7 18. Qa7 Qf7 19. f4 exf3 20. Bxf3 Rd8 21. Qc5 Rd6 22. e4 Rg6 23. Qf2 Qc7 24. g3 dxe4 25. Bg2 e3 26. Bxe3 Rf6 27. Qe2 Bxg2 28. Qxg2 1-0

[Event "Dimitrovgrad Petrosian Memorial op"]
[Site "Dimitrovgrad"]
[Date "2011.06.18"]
[Round "1"]
[White "Akimov, Gennadiy"]
[Black "Sidorov, Gennady"]
[Result "1-0"]
[WhiteElo "1957"]
[BlackElo "1900"]
[PlyCount "113"]
[EventDate "2011.06.18"]
[EventType "swiss"]
[EventRounds "9"]
[EventCountry "RUS"]
[SourceTitle "EXT 2012"]
[Source "ChessBase"]
[SourceDate "2011.11.24"]
[SourceVersion "1"]
[SourceVersionDate "2011.11.24"]
[SourceQuality "1"]

1. b4 e5 2. Bb2 Bxb4 3. Bxe5 Nf6 4. e3 d5 5. Nf3 Nc6 6. Bb2 0-0 7. Bb5 Bg4 8. 0-0 Bd6 9. Bxc6 bxc6 10. h3 Bh5 11. d3 Re8 12. Nbd2 c5 13. g4 Bg6 14. Nh4 Nd7 15. Nxg6 hxg6 16. Nf3 Ne5 17. Rb1 f5 18. Bxe5 Bxe5 19. g5 Bd6 20. Kg2 Be7 21. h4 Bd6 22. Rh1 Qd7 23. h5 f4 24. Nh4 fxe3 25. Qf3 Re5 26. hxg6 Rxg5+ 27. Kf1 exf2 28. Qxf2 Rf8 29. Nf3 Qg4 30. Nxg5 Rxf2+ 31. Kxf2 Bg3+ 32. Kf1 Kf8 33. Nh3 Qxg6 34. Rg1 Qg4 35. Nf2 Qf3 36. Rg2 Kg8 37. Kg1 g5 38. Rf1 Kg7 39. Nd1 Qg4 40. Ne3 Bh2+ 41. Kxh2 Qh4+ 42. Kg1 Kg6 43. Ng4 Qh8 44. Rf6+ Kg7 45. Rgf2 Qe8 46. Rf7+ Qxf7 47. Rxf7+ Kxf7 48. Kf2 Ke6 49. Kf3 Kf5 50. Nf2 c6 51. c3 a5 52. a4 Kf6 53. Kg4 Kg6 54. Nh3 c4 55. dxc4 dxc4 56. Nxg5 Kf6 57. Kf4 1-0

[Event "Uljanovsk-ch"]
[Site "Uljanovsk"]
[Date "2010.03.20"]
[Round "5"]
[White "Usachev, Andrey"]
[Black "Sidorov, Gennady"]
[Result "1-0"]
[WhiteElo "1834"]
[BlackElo "1922"]
[PlyCount "127"]
[EventDate "2010.03.13"]
[EventType "swiss"]
[EventRounds "9"]
[EventCountry "RUS"]
[SourceTitle "EXT 2012"]
[Source "ChessBase"]
[SourceDate "2011.11.24"]
[SourceVersion "1"]
[SourceVersionDate "2011.11.24"]
[SourceQuality "1"]

1. d4 d5 2. c4 c6 3. Nc3 Nf6 4. Nf3 e6 5. e3 Bb4 6. Bd2 0-0 7. Bd3 dxc4 8. Bxc4 b5 9. Bb3 Bb7 10. 0-0 Nbd7 11. a3 Bxc3 12. Bxc3 c5 13. Bc2 c4 14. Re1 Be4 15. Nd2 Bxc2 16. Qxc2 Nd5 17. e4 Nxc3 18. bxc3 Nb6 19. Re3 a5 20. Rh3 b4 21. e5 g6 22. Ne4 Nd5 23. Qc1 f6 24. exf6 Nxf6 25. Ng5 Qd6 26. cxb4 axb4 27. Qxc4 Rfc8 28. Qxe6+ Qxe6 29. Nxe6 Rc2 30. Rf3 Nd5 31. h3 Nc3 32. d5 b3 33. Nd4 Ra2 34. Nxb3 Rxa1+ 35. Nxa1 Rxa3 36. Nc2 Ne2+ 37. Kh2 Rxf3 38. gxf3 Nf4 39. Ne3 Kf7 40. Kg3 g5 41. h4 Kf6 42. Ng4+ Kf5 43. hxg5 Kxg5 44. d6 h5 45. d7 Ne6 46. Ne5 Nd8 47. Nc4 Kf5 48. Kh4 Kg6 49. Ne5+ Kf5 50. Nd3 Kg6 51. f4 Kf5 52. f3 Kg6 53. Kh3 Kf5 54. Kg3 Kg6 55. Kh4 Kf5 56. Kxh5 Ke6 57. Kg6 Kxd7 58. f5 Kd6 59. Kg7 Ke7 60. Nf4 Nf7 61. f6+ Ke8 62. Ng6 Nd6 63. Ne5 Nf5+ 64. Kg6 1-0

[Event "Uljanovsk-ch"]
[Site "Uljanovsk"]
[Date "2010.03.14"]
[Round "3"]
[White "Sidorov, Gennady"]
[Black "Fedechkin, Vladislav"]
[Result "1-0"]
[WhiteElo "1922"]
[BlackElo "1772"]
[PlyCount "43"]
[EventDate "2010.03.13"]
[EventType "swiss"]
[EventRounds "9"]
[EventCountry "RUS"]
[SourceTitle "EXT 2012"]
[Source "ChessBase"]
[SourceDate "2011.11.24"]
[SourceVersion "1"]
[SourceVersionDate "2011.11.24"]
[SourceQuality "1"]

1. e4 c5 2. Nf3 d6 3. Bb5+ Bd7 4. Bxd7+ Qxd7 5. d4 cxd4 6. Nxd4 Nf6 7. Nc3 a6 8. 0-0 e6 9. Be3 Be7 10. f4 0-0 11. Qf3 Rd8 12. Rad1 Qc7 13. g4 Nbd7 14. g5 Ne8 15. Qh3 Bf8 16. f5 e5 17. Ne6 fxe6 18. fxe6 Ndf6 19. gxf6 Nxf6 20. Rxf6 gxf6 21. Nd5 Qg7+ 22. Kh1 1-0

[Event "Uljanovsk Petrosian Memorial op"]
[Site "Uljanovsk"]
[Date "2009.06.27"]
[Round "6"]
[White "Mukhin, Alexander"]
[Black "Sidorov, Gennady"]
[Result "1-0"]
[WhiteElo "2178"]
[BlackElo "1909"]
[PlyCount "89"]
[EventDate "2009.06.20"]
[EventType "swiss"]
[EventRounds "9"]
[EventCountry "RUS"]
[SourceTitle "EXT 2012"]
[Source "ChessBase"]
[SourceDate "2011.11.24"]
[SourceVersion "1"]
[SourceVersionDate "2011.11.24"]
[SourceQuality "1"]

1. e4 c5 2. Nc3 Nc6 3. f4 d6 4. Nf3 Bg4 5. Bc4 e6 6. 0-0 a6 7. h3 Bxf3 8. Rxf3 Nf6 9. Bf1 Be7 10. d3 0-0 11. g4 h6 12. Rg3 Nh7 13. Be3 Bf6 14. Kh1 Bd4 15. Bd2 b5 16. Qc1 b4 17. Ne2 Bf2 18. Rf3 Bh4 19. c3 a5 20. d4 cxd4 21. cxd4 Rc8 22. Qb1 d5 23. e5 f5 24. Be3 g5 25. gxf5 Rxf5 26. Ng3 Bxg3 27. Rxg3 Kh8 28. Bd3 Rf7 29. Bxh7 Rxh7 30. fxg5 Rg7 31. Qd1 Ne7 32. Rg4 Nf5 33. gxh6 Rxg4 34. Qxg4 Qg8 35. Bg5 Kh7 36. Rf1 Qg6 37. Rg1 Rc4 38. Qf3 Nxd4 39. Qf8 Qe4+ 40. Rg2 Qe1+ 41. Kh2 Qxe5+ 42. Bf4 Nf3+ 43. Kg3 Rxf4 44. Qxf4 Qxf4+ 45. Kxf4 1-0

[Event "Uljanovsk Petrosian Memorial op"]
[Site "Uljanovsk"]
[Date "2009.06.21"]
[Round "4"]
[White "Agapchev, Andrey"]
[Black "Sidorov, Gennady"]
[Result "0-1"]
[WhiteElo "1686"]
[BlackElo "1909"]
[PlyCount "40"]
[EventDate "2009.06.20"]
[EventType "swiss"]
[EventRounds "9"]
[EventCountry "RUS"]
[SourceTitle "EXT 2012"]
[Source "ChessBase"]
[SourceDate "2011.11.24"]
[SourceVersion "1"]
[SourceVersionDate "2011.11.24"]
[SourceQuality "1"]

1. e4 c5 2. Nc3 e6 3. f4 b6 4. Nf3 Bb7 5. d3 Nf6 6. Be2 d5 7. e5 Nfd7 8. d4 Nc6 9. Be3 cxd4 10. Nxd4 Bb4 11. Qd2 Rc8 12. Nxc6 Rxc6 13. Bd4 0-0 14. Qd3 Bc5 15. Nb5 Bxd4 16. Nxd4 Rc8 17. Nb5 Ra8 18. Nd6 Bc6 19. b4 a6 20. b5 axb5 0-1

[Event "Uljanovsk Petrosian Memorial op"]
[Site "Uljanovsk"]
[Date "2009.06.20"]
[Round "1"]
[White "Sidorov, Gennady"]
[Black "Palamarchuk, Anatoliy"]
[Result "1-0"]
[WhiteElo "1909"]
[BlackElo "1744"]
[PlyCount "67"]
[EventDate "2009.06.20"]
[EventType "swiss"]
[EventRounds "9"]
[EventCountry "RUS"]
[SourceTitle "EXT 2012"]
[Source "ChessBase"]
[SourceDate "2011.11.24"]
[SourceVersion "1"]
[SourceVersionDate "2011.11.24"]
[SourceQuality "1"]

1. e4 Nc6 2. Bc4 e6 3. Nc3 Bb4 4. Nge2 Nf6 5. a3 Ba5 6. d3 a6 7. 0-0 d6 8. h3 Bb6 9. Bg5 h6 10. Bh4 g5 11. Bg3 Qe7 12. d4 Bd7 13. d5 Ne5 14. Bxe5 dxe5 15. Nc1 0-0-0 16. Nd3 Qd6 17. Qf3 exd5 18. Nxd5 Nxd5 19. Bxd5 Be6 20. Nb4 h5 21. Qf6 Rdf8 22. Rfd1 Kb8 23. Bb3 Qc5 24. Nd3 Qd4 25. Nxe5 Qxe4 26. Bxe6 g4 27. hxg4 hxg4 28. Bxg4 Rfg8 29. Nd7+ Ka7 30. Qf3 Qxg4 31. Qxg4 Rxg4 32. Nxb6 Kxb6 33. g3 Rg6 34. Kg2 1-0

[Event "Uljanovsk Petrosian Memorial op"]
[Site "Uljanovsk"]
[Date "2007.06.19"]
[Round "5"]
[White "Sidorov, Gennady"]
[Black "Olisov, Andrey"]
[Result "0-1"]
[WhiteElo "1874"]
[BlackElo "1861"]
[PlyCount "78"]
[EventDate "2007.06.16"]
[EventType "swiss"]
[EventRounds "9"]
[EventCountry "RUS"]
[SourceTitle "EXT 2022"]
[Source "ChessBase"]
[SourceDate "2021.10.06"]
[SourceVersion "1"]
[SourceVersionDate "2021.10.06"]
[SourceQuality "1"]

1. e4 c6 2. d4 d5 3. exd5 Qxd5 4. Nf3 Bg4 5. Be2 Nf6 6. c4 Qa5+ 7. Nc3 e6 8. Bd2 Qc7 9. Ne5 Bxe2 10. Qxe2 Nbd7 11. 0-0 Bd6 12. Rfe1 0-0 13. Bg5 Bb4 14. Rac1 h6 15. Bxf6 Nxf6 16. a3 Bd6 17. f4 a6 18. Ne4 Nxe4 19. Qxe4 Rad8 20. c5 Bxe5 21. dxe5 Rd5 22. Red1 Rfd8 23. Qf3 Rd4 24. Rxd4 Rxd4 25. g3 Qd7 26. Rc2 Rd1+ 27. Kg2 Qd4 28. Qf2 Qe4+ 29. Kh3 Qd5 30. Qg2 Qd8 31. Qe2 Kf8 32. Kg2 Qd5+ 33. Kh3 Ke7 34. Qf2 g6 35. Qe2 Rd4 36. Qg2 Qd8 37. Qf2 Qd7 38. Qe2 Qd5 39. Qf2 Kd8 0-1

[Event "Uljanovsk U18"]
[Site "Uljanovsk"]
[Date "2006.12.25"]
[Round "8"]
[White "Prikhodko, Anton"]
[Black "Sidorov, Gennady"]
[Result "1-0"]
[WhiteElo "1967"]
[BlackElo "1964"]
[PlyCount "83"]
[EventDate "2006.12.18"]
[EventType "tourn"]
[EventRounds "11"]
[EventCountry "RUS"]
[SourceTitle "EXT 2019"]
[Source "ChessBase"]
[SourceDate "2018.10.10"]
[SourceVersion "1"]
[SourceVersionDate "2018.10.10"]
[SourceQuality "1"]

1. e4 e5 2. Nf3 Nc6 3. Bb5 a6 4. Ba4 Nf6 5. d3 b5 6. Bb3 d6 7. h3 Be7 8. 0-0 0-0 9. Be3 Na5 10. Nbd2 h6 11. Qe2 Nxb3 12. Nxb3 Nh7 13. Rad1 Ng5 14. Nxg5 Bxg5 15. d4 Qe7 16. d5 f5 17. f3 Bd7 18. Qd2 Bxe3+ 19. Qxe3 a5 20. Qc3 a4 21. Nd2 Rac8 22. Qe3 c6 23. dxc6 Rxc6 24. c3 Be6 25. a3 Qc7 26. Kh1 fxe4 27. fxe4 Rxf1+ 28. Rxf1 Bc4 29. Rf3 Qe7 30. Rg3 Qe6 31. Qa7 g5 32. h4 g4 33. Nxc4 Rxc4 34. Qb8+ Kf7 35. Qxb5 Kg6 36. Rd3 Rxe4 37. Qc6 Re1+ 38. Kh2 g3+ 39. Kxg3 Kh5 40. Qf3+ Kg6 41. Qg4+ Kf6 42. Rf3+ 1-0